000 00334nam a2200145Ia 4500
008 191201s2008 xx 000 0 und d
082 _a005.133
_bKNA
100 _aKNUTH, Donald E
245 0 _aArt of Computer Programming
250 _aimp
260 _aN.Delhi
_bpearson
_c2008
300 _a762
650 _aMCA
942 _2ddc
_cBK
999 _c3788
_d3788